000 00588nam a2200193Ia 4500
005 20250508151106.0
008 008 250505s9999 xx 000 0 eng d
037 _aTextual
040 _aFEDL
_beng
_cFEDL
041 _aeng
_2eng
084 _a745.3, HOR
_qFEDL
100 _aHorth Lillie B
_9758401
245 0 _a101 things for girls to do Being a review of simple crafts and household subjects
260 _aLondon, UK
_bB T Batsford Ltd
_c1949
300 _axii,180p
700 _a Horth Arthur C
_9758402
942 _cTEXL
_h745.3, HOR
999 _c1327539
_d1327539